| 000 | 00894nam a22002415i 4500 | ||
|---|---|---|---|
| 001 | 164328 | ||
| 003 | ES-MaACL | ||
| 005 | 20250804062549.0 | ||
| 008 | 150917s1987 sp | |||||||| ||spa d | ||
| 020 | _a84-206-0247-7 | ||
| 100 | 0 |
_aKamen, Henry. _967471 |
|
| 245 | 1 | 0 |
_aNacimiento y desarrollo de la tolerancia en la Europa moderna / _cHenry Kamen ; [traductor, María José del Río]. |
| 260 |
_aMadrid : _bAlianza Editorial, _cD.L. 1987. |
||
| 300 |
_a253 p. ; _c18 cm. |
||
| 490 | 1 |
_aEl Libro de bolsillo ; _v1247. Sección Humanidades |
|
| 504 | _aBibliografía: p. 243-245. Índice. | ||
| 650 | 0 | 4 |
_aTolerancia. _917547 |
| 650 | 4 |
_aLibertad religiosa- _zEuropa. _9157242 |
|
| 700 | 0 |
_aRío, María José del. _997311 |
|
| 830 | 0 | 3 |
_aEl libro de bolsillo _v1247. Sección Humanidades _9177802 |
| 852 |
_aES-MaACL _jL-30148 _z.- Donat. Miguel A. Velasco |
||
| 999 |
_c164328 _d164328 |
||